[Event "LIV C.to Italiano"]
[Site "Reggio nell'Emilia ITA"]
[Date "1995.01.02"]
[Round "7"]
[White "Epishin, Vladimir V."]
[Black "Contin, Daniel"]
[Result "1-0"]
[WhiteElo "2650"]
[BlackElo "2425"]
[PlyCount "73"]
[EventDate "1994.12.26"]

1. d4 Nf6 2. c4 e6 3. Nf3 Bb4+ 4. Nbd2 b6 5. a3 Bxd2+ 6. Bxd2 Bb7 7. Bg5 d6 8.
e3 Nbd7 9. Qc2 c5 10. Rd1 Qc7 11. Be2 O-O 12. O-O Rac8 13. Bh4 Be4 14. Qc3 Bxf3
15. gxf3 cxd4 16. Qxd4 Ne5 17. Bxf6 gxf6 18. f4 Ng6 19. Qxf6 Rfd8 20. Rd2 Kf8
21. f5 exf5 22. Qxf5 Qe7 23. Rfd1 Nh4 24. Qf4 Ng6 25. Qg3 Ne5 26. Rd4 Qe6 27.
Bg4 Nxg4 28. Rxg4 f5 29. Qf4 Ke8 30. Rh4 Rc7 31. Rd5 Rg7+ 32. Kf1 Rf7 33. Rh6
Rf6 34. Rxf6 Qxf6 35. Rxf5 Qxb2 36. Qe4+ Kd7 37. Rf7+ 1-0

[Event "LIV C.to Italiano"]
[Site "Reggio nell'Emilia ITA"]
[Date "1995.01.02"]
[Round "7"]
[White "Romanishin, Oleg M."]
[Black "Arlandi, Ennio"]
[Result "1/2-1/2"]
[WhiteElo "2605"]
[BlackElo "2425"]
[PlyCount "55"]
[EventDate "1994.12.26"]

1. d4 d5 2. c4 e6 3. Nc3 Be7 4. Nf3 Nf6 5. Bg5 O-O 6. Qc2 h6 7. Bxf6 Bxf6 8.
Rd1 Nc6 9. e3 b6 10. a3 Bb7 11. cxd5 exd5 12. Be2 Re8 13. O-O a6 14. Ne1 Ne7
15. Nd3 Qd6 16. Bf3 g6 17. g3 Rab8 18. b4 Bg7 19. Rfe1 c6 20. Nf4 Qd8 21. a4 b5
22. Nd3 Nf5 23. Nc5 Bc8 24. a5 Ra8 25. Qb3 Ra7 26. Qb1 h5 27. Bg2 Rae7 28. Nd3
1/2-1/2

[Event "LIV C.to Italiano"]
[Site "Reggio nell'Emilia ITA"]
[Date "1995.01.03"]
[Round "8"]
[White "Arlandi, Ennio"]
[Black "Epishin, Vladimir V."]
[Result "1/2-1/2"]
[WhiteElo "2425"]
[BlackElo "2650"]
[PlyCount "65"]
[EventDate "1994.12.26"]

1. d4 Nf6 2. c4 c6 3. Nc3 d5 4. e3 a6 5. Nf3 b5 6. c5 g6 7. Bd2 a5 8. a3 Bg7 9.
b4 O-O 10. Be2 Ne4 11. O-O Nxd2 12. Qxd2 Bg4 13. Ne5 Bxe2 14. Nxe2 a4 15. Rad1
Ra7 16. f4 Qc8 17. Ng3 Nd7 18. Qe2 e6 19. Nd3 Rd8 20. Nh1 Nf8 21. g4 f6 22. Ng3
Re7 23. Qf2 e5 24. h3 Rde8 25. Rde1 Qd7 26. Kg2 exd4 27. exd4 Re4 28. f5 Rxe1
29. Rxe1 Rxe1 30. Qxe1 Bh6 31. Kf3 Kf7 32. h4 Qe7 33. Qxe7+ 1/2-1/2

[Event "LIV C.to Italiano"]
[Site "Reggio nell'Emilia ITA"]
[Date "1995.01.03"]
[Round "8"]
[White "Belotti, Bruno"]
[Black "Barlocco, Carlo"]
[Result "1-0"]
[WhiteElo "2455"]
[BlackElo "2280"]
[PlyCount "71"]
[EventDate "1994.12.26"]

1. e4 c5 2. Nf3 Nf6 3. d3 d6 4. g3 g6 5. Bg2 Bg7 6. O-O O-O 7. Nc3 Nc6 8. Re1
e5 9. a3 Nh5 10. Nd2 Be6 11. Rb1 Qc8 12. Nc4 Rd8 13. b4 cxb4 14. axb4 Bg4 15.
Bf3 Bxf3 16. Qxf3 Nd4 17. Qd1 b5 18. Nd5 Qh3 19. Na5 f5 20. c3 Ne6 21. Qf3 Nf6
22. exf5 Nxd5 23. Qxd5 Qxf5 24. Nc6 Kh8 25. Nxd8 Rxd8 26. Be3 Rf8 27. Qe4 Qh5
28. Ra1 Bf6 29. Rxa7 Bg5 30. Ra8 Bxe3 31. Rxf8+ Nxf8 32. Qxe3 Ne6 33. f4 Ng7
34. fxe5 Nf5 35. Qe4 Qh3 36. exd6 1-0

[Event "LIV C.to Italiano"]
[Site "Reggio nell'Emilia ITA"]
[Date "1995.01.03"]
[Round "8"]
[White "Garcia Palermo, Carlos Horacio"]
[Black "Godena, Michele"]
[Result "1/2-1/2"]
[WhiteElo "2490"]
[BlackElo "2485"]
[PlyCount "37"]
[EventDate "1994.12.26"]

1. Nf3 d5 2. b3 Bg4 3. e3 Nf6 4. Bb2 c6 5. h3 Bxf3 6. Qxf3 Nbd7 7. g4 e6 8. h4
h6 9. d3 Qa5+ 10. Ke2 Qc5 11. Kd1 Qd6 12. Bh3 Ng8 13. Nd2 Rh7 14. Ke2 g6 15. d4
Bg7 16. c4 c5 17. Rhd1 cxd4 18. exd4 Ne7 19. Kf1 1/2-1/2

[Event "LIV C.to Italiano"]
[Site "Reggio nell'Emilia ITA"]
[Date "1995.01.03"]
[Round "8"]
[White "Tatai, Stefano"]
[Black "Contin, Daniel"]
[Result "1/2-1/2"]
[WhiteElo "2430"]
[BlackElo "2425"]
[PlyCount "149"]
[EventDate "1994.12.26"]

1. e4 e6 2. d4 d5 3. Nc3 Nc6 4. Nf3 Nf6 5. e5 Ne4 6. Bd3 Bb4 7. Bd2 Nxd2 8.
Qxd2 f6 9. Bb5 Bd7 10. Bxc6 Bxc6 11. O-O Kd7 12. a3 Be7 13. Rfe1 Qg8 14. Re2 f5
15. Ne1 g5 16. Nd3 f4 17. f3 Rf8 18. Nb4 Qg6 19. Rf1 Rhg8 20. Qd3 Qxd3 21. Nxd3
b6 22. g3 fxg3 23. hxg3 Bb7 24. Rh2 Rf7 25. Kg2 c5 26. Ne2 Ba6 27. Rfh1 Rgf8
28. f4 gxf4 29. gxf4 cxd4 30. Rxh7 Rxh7 31. Rxh7 Rc8 32. Nxd4 Rxc2+ 33. Nxc2
Bxd3 34. Rxe7+ Kxe7 35. Nd4 a5 36. Kf3 Kd7 37. Ke3 Bh7 38. Ne2 Bf5 39. Kd4 Bg4
40. Ng3 Kc6 41. Nf1 Bf5 42. Ne3 Be4 43. Nc4 Bh7 44. Nd2 Bf5 45. Kc3 Bg4 46. Nb3
Kc7 47. Nd4 Kd7 48. Kd2 Bh3 49. Ke1 Bg2 50. Kf2 Be4 51. Kg3 Ke7 52. Kg4 Bd3 53.
Kg5 Be4 54. Kh6 Kf7 55. Nb5 Bd3 56. Nd4 Be4 57. b4 axb4 58. axb4 Bd3 59. Kg5
Ke7 60. Kh5 Be4 61. Kh6 Kf7 62. Nb5 Bd3 63. Nd6+ Ke7 64. Kg5 d4 65. Kg4 Kd7 66.
b5 Ke7 67. Kf3 Kf8 68. Nc8 Bxb5 69. Nxb6 Ke8 70. Nc8 Kd7 71. Nd6 Bd3 72. Kf2
Kc6 73. Ke1 Kd5 74. Kd2 Bg6 75. Ke2 1/2-1/2

[Event "LIV C.to Italiano"]
[Site "Reggio nell'Emilia ITA"]
[Date "1995.01.03"]
[Round "8"]
[White "Vaganian, Rafael A."]
[Black "Romanishin, Oleg M."]
[Result "1/2-1/2"]
[WhiteElo "2645"]
[BlackElo "2605"]
[PlyCount "30"]
[EventDate "1994.12.26"]

1. d4 Nf6 2. c4 e6 3. Nf3 b6 4. g3 Ba6 5. b3 Bb7 6. Bg2 Bb4+ 7. Bd2 a5 8. O-O
O-O 9. Nc3 d6 10. Qc2 Nbd7 11. Rfe1 Bxc3 12. Bxc3 Be4 13. Qb2 a4 14. Bf1 Bb7
15. Nd2 c5 1/2-1/2

[Event "LIV C.to Italiano"]
[Site "Reggio nell'Emilia ITA"]
[Date "1995.01.04"]
[Round "9"]
[White "Barlocco, Carlo"]
[Black "Garcia Palermo, Carlos Horacio"]
[Result "0-1"]
[WhiteElo "2280"]
[BlackElo "2490"]
[PlyCount "77"]
[EventDate "1994.12.26"]

1. e4 c6 2. d4 d5 3. e5 Bf5 4. Nf3 e6 5. Be2 c5 6. Be3 Nd7 7. O-O Ne7 8. c4
dxc4 9. Bxc4 Bg4 10. d5 exd5 11. Bxd5 Nxd5 12. Qxd5 Qb6 13. Nc3 Be7 14. Ng5
Bxg5 15. Bxg5 Be6 16. Qe4 Qxb2 17. Nd5 Qxe5 18. Qxe5 Nxe5 19. Nc7+ Kd7 20. Nxa8
Nd3 21. Rfd1 c4 22. Rab1 Bd5 23. Nb6+ axb6 24. Rxb6 Ra8 25. Ra1 Ra3 26. Rbb1
Kc6 27. Bc1 Ra4 28. a3 c3 29. Be3 b5 30. Rd1 Bc4 31. f3 c2 32. Rf1 Ra8 33. Bd2
Re8 34. Bb4 Bb3 35. h3 Kd5 36. Kh2 Re2 37. h4 f5 38. Kh3 h5 39. Rg1 0-1

[Event "LIV C.to Italiano"]
[Site "Reggio nell'Emilia ITA"]
[Date "1995.01.04"]
[Round "9"]
[White "Contin, Daniel"]
[Black "Arlandi, Ennio"]
[Result "0-1"]
[WhiteElo "2425"]
[BlackElo "2425"]
[PlyCount "86"]
[EventDate "1994.12.26"]

1. c4 e6 2. g3 d5 3. Bg2 Nf6 4. Nf3 Be7 5. b3 O-O 6. O-O b6 7. Bb2 Bb7 8. e3
Nbd7 9. d3 c5 10. Qe2 Qc7 11. Nc3 Rad8 12. Rfd1 Qb8 13. cxd5 Nxd5 14. Nxd5 Bxd5
15. e4 Bb7 16. d4 Qa8 17. Ne1 cxd4 18. Bxd4 Nf6 19. Bxf6 Bxf6 20. e5 Be7 21.
Qb5 Bxg2 22. Nxg2 Qf3 23. Rxd8 Rxd8 24. Rf1 h5 25. Qa6 Bc5 26. Nh4 Qe4 27. a3
Rd2 28. b4 Bxf2+ 29. Rxf2 Qd4 30. Qf1 Rd1 31. Nf3 Rxf1+ 32. Kxf1 Qa1+ 33. Kg2
Qxa3 34. Ng5 Qxb4 35. Nxf7 Qe4+ 36. Kf1 a5 37. h4 a4 38. Ng5 Qxe5 39. Rd2 Kf8
40. Rd8+ Ke7 41. Ra8 a3 42. Ra7+ Ke8 43. Rxa3 Qb5+ 0-1

[Event "LIV C.to Italiano"]
[Site "Reggio nell'Emilia ITA"]
[Date "1995.01.04"]
[Round "9"]
[White "Epishin, Vladimir V."]
[Black "Vaganian, Rafael A."]
[Result "1/2-1/2"]
[WhiteElo "2650"]
[BlackElo "2645"]
[PlyCount "55"]
[EventDate "1994.12.26"]

1. d4 d5 2. c4 e6 3. Nc3 Be7 4. Nf3 Nf6 5. Bg5 h6 6. Bh4 O-O 7. e3 b6 8. Be2
Bb7 9. Bxf6 Bxf6 10. cxd5 exd5 11. b4 c5 12. bxc5 bxc5 13. Rb1 Bc6 14. O-O Nd7
15. Bb5 Qc7 16. Qd2 Rfd8 17. h3 Rab8 18. Bxc6 Qxc6 19. dxc5 Bxc3 20. Qxc3 Qxc5
21. Qxc5 Nxc5 22. Nd4 Ne6 23. Nc6 Rxb1 24. Rxb1 Rd7 25. Rd1 Rc7 26. Nb4 d4 27.
exd4 Rc4 28. d5 1/2-1/2

[Event "LIV C.to Italiano"]
[Site "Reggio nell'Emilia ITA"]
[Date "1995.01.04"]
[Round "9"]
[White "Godena, Michele"]
[Black "Tatai, Stefano"]
[Result "1-0"]
[WhiteElo "2485"]
[BlackElo "2430"]
[PlyCount "75"]
[EventDate "1994.12.26"]

1. e4 c5 2. c3 d5 3. exd5 Qxd5 4. d4 Nf6 5. Nf3 Bg4 6. Qa4+ Bd7 7. Qb3 Qxb3 8.
axb3 cxd4 9. Nxd4 Nc6 10. Nxc6 Bxc6 11. Na3 a6 12. Nc4 e6 13. b4 Nd7 14. Bd2 b5
15. Na5 Bd5 16. f3 Be7 17. Be2 O-O 18. Kf2 Rfc8 19. Ra3 Nb6 20. Rha1 Bd8 21.
Be3 Na4 22. Rb1 Bxa5 23. bxa5 Nc5 24. Rd1 Nb3 25. Rxd5 exd5 26. Rxb3 Re8 27.
Bd4 Re7 28. f4 Rae8 29. Bf3 Re1 30. Ra3 Rb1 31. Ra2 Rd8 32. b4 f6 33. Re2 Kf7
34. f5 g6 35. Re6 Rb2+ 36. Kg3 h5 37. Rxf6+ Ke7 38. fxg6 1-0

[Event "LIV C.to Italiano"]
[Site "Reggio nell'Emilia ITA"]
[Date "1995.01.05"]
[Round "10"]
[White "Belotti, Bruno"]
[Black "Romanishin, Oleg M."]
[Result "0-1"]
[WhiteElo "2455"]
[BlackElo "2605"]
[PlyCount "72"]
[EventDate "1994.12.26"]

1. Nf3 Nf6 2. g3 d5 3. Bg2 g6 4. O-O Bg7 5. d3 O-O 6. Nbd2 a5 7. e4 dxe4 8.
dxe4 a4 9. Qe2 Nc6 10. Nc4 Be6 11. Ng5 Nd4 12. Qd3 Bxc4 13. Qxc4 h6 14. Nf3
Nxf3+ 15. Bxf3 Nd7 16. Be2 Nb6 17. Qb4 a3 18. Rd1 Qc8 19. c3 Ra4 20. Qb3 Rxe4
21. Bd3 axb2 22. Bxb2 Re6 23. a4 Nd7 24. Ba3 Rb6 25. Qc2 Ne5 26. Be4 Re8 27.
Bc5 Rc6 28. Kg2 b6 29. Bd4 Rd6 30. c4 Rxd4 31. Rxd4 Ng4 32. Bxg6 Bxd4 33. Rd1
fxg6 34. Rxd4 Qf5 35. Qe2 Nf6 36. Rf4 Qd7 0-1

[Event "LIV C.to Italiano"]
[Site "Reggio nell'Emilia ITA"]
[Date "1995.01.05"]
[Round "10"]
[White "Garcia Palermo, Carlos Horacio"]
[Black "Chernin, Alexander M."]
[Result "0-1"]
[WhiteElo "2490"]
[BlackElo "2615"]
[PlyCount "60"]
[EventDate "1994.12.26"]

1. Nf3 d5 2. b3 Bg4 3. e3 Nd7 4. Be2 c6 5. h3 Bh5 6. d3 f6 7. Bb2 e5 8. O-O Bf7
9. Nbd2 Bb4 10. c3 Ba5 11. e4 Ne7 12. d4 O-O 13. b4 Bc7 14. c4 dxe4 15. Nxe4
Ng6 16. dxe5 Ngxe5 17. Nxe5 Nxe5 18. Qc2 Qe7 19. c5 Rfe8 20. Rfe1 Qe6 21. f4
Ng6 22. Bf1 Qd5 23. Rad1 Qh5 24. Ng3 Qh4 25. Nf5 Qxf4 26. g3 Qxb4 27. Rxe8+
Rxe8 28. Rd7 Be5 29. Bxe5 Nxe5 30. Rd4 Nf3+ 0-1

[Event "LIV C.to Italiano"]
[Site "Reggio nell'Emilia ITA"]
[Date "1995.01.05"]
[Round "10"]
[White "Godena, Michele"]
[Black "Barlocco, Carlo"]
[Result "1-0"]
[WhiteElo "2485"]
[BlackElo "2280"]
[PlyCount "51"]
[EventDate "1994.12.26"]

1. e4 c5 2. c3 e5 3. Nf3 Nc6 4. Bc4 Qc7 5. d3 Nf6 6. O-O Be7 7. a3 O-O 8. b4 d6
9. Nbd2 Be6 10. Re1 a6 11. bxc5 d5 12. exd5 Nxd5 13. Ne4 h6 14. Qc2 Rac8 15. a4
Na5 16. Nd6 Rcd8 17. Ba3 f6 18. Ba2 b6 19. Nd4 exd4 20. Rxe6 Bxd6 21. Rxd6 Rxd6
22. cxd6 Qc6 23. Rc1 Kh7 24. cxd4 Qxc2 25. Rxc2 Rd8 26. Bxd5 1-0

[Event "LIV C.to Italiano"]
[Site "Reggio nell'Emilia ITA"]
[Date "1995.01.05"]
[Round "10"]
[White "Martorelli, Antonio"]
[Black "Epishin, Vladimir V."]
[Result "0-1"]
[WhiteElo "2245"]
[BlackElo "2650"]
[PlyCount "68"]
[EventDate "1994.12.26"]

1. e4 c5 2. Nf3 d6 3. Bb5+ Nd7 4. d4 Ngf6 5. O-O cxd4 6. Qxd4 a6 7. Bxd7+ Bxd7
8. Bg5 h6 9. Bxf6 gxf6 10. Re1 Rg8 11. c4 Bg7 12. Nc3 Rc8 13. Nd5 Bg4 14. Qd3
e6 15. Ne3 Bxf3 16. gxf3 f5 17. Kh1 f4 18. Nd1 Be5 19. Nc3 Qb6 20. Rg1 Rxg1+
21. Rxg1 Qxb2 22. Na4 Qb4 23. Rg8+ Kd7 24. Rxc8 Kxc8 25. Qc2 Bd4 26. e5 dxe5
27. c5 Kc7 28. Kg2 f5 29. a3 Qb5 30. h3 Kd8 31. Qd1 Ke7 32. Kh2 Kf7 33. Qc2 Qf1
34. c6 Bxf2 0-1

[Event "LIV C.to Italiano"]
[Site "Reggio nell'Emilia ITA"]
[Date "1995.01.05"]
[Round "10"]
[White "Tatai, Stefano"]
[Black "Arlandi, Ennio"]
[Result "1-0"]
[WhiteElo "2430"]
[BlackElo "2425"]
[PlyCount "33"]
[EventDate "1994.12.26"]

1. e4 e5 2. Nf3 Nf6 3. d4 Nxe4 4. Bd3 d5 5. Nxe5 Nd7 6. Nxd7 Bxd7 7. O-O Nf6 8.
Re1+ Be7 9. Bf4 Be6 10. Nc3 c6 11. Ne2 O-O 12. Be5 Qd7 13. Ng3 Ng4 14. f4 Bh4
15. f5 Bxg3 16. Qxg4 Bxe5 17. Rxe5 1-0

[Event "LIV C.to Italiano"]
[Site "Reggio nell'Emilia ITA"]
[Date "1995.01.06"]
[Round "11"]
[White "Chernin, Alexander M."]
[Black "Godena, Michele"]
[Result "1-0"]
[WhiteElo "2615"]
[BlackElo "2485"]
[PlyCount "99"]
[EventDate "1994.12.26"]

1. c4 e6 2. g3 d5 3. Bg2 Nf6 4. Nf3 c5 5. cxd5 exd5 6. d4 Nc6 7. O-O Be7 8. Nc3
O-O 9. Bg5 c4 10. Ne5 Be6 11. b3 Rc8 12. e3 Qa5 13. Nxc6 Rxc6 14. bxc4 Rxc4 15.
Ne2 Bd7 16. Nf4 Bc6 17. Nh5 Qd8 18. Bxf6 Bxf6 19. Qf3 Bg5 20. h4 Bh6 21. Rfc1
Qd6 22. g4 f6 23. Qg3 Qxg3 24. Nxg3 Rxc1+ 25. Rxc1 g6 26. Bf1 Rd8 27. Rb1 Bf8
28. Bb5 Bd6 29. Ne2 Rb8 30. Nc3 Kf7 31. Ba4 Ke6 32. Bb3 Bb4 33. Nxd5 Bxd5 34.
Bxd5+ Kxd5 35. Rxb4 b5 36. f3 f5 37. Kf2 a5 38. Rb2 b4 39. Ke2 a4 40. Kd3 a3
41. Rb3 fxg4 42. fxg4 h5 43. e4+ Kc6 44. gxh5 Kb5 45. hxg6 Rh8 46. Rb1 Rxh4 47.
Rg1 Rh3+ 48. Kc2 b3+ 49. axb3 a2 50. Kb2 1-0

[Event "LIV C.to Italiano"]
[Site "Reggio nell'Emilia ITA"]
[Date "1995.01.06"]
[Round "11"]
[White "Contin, Daniel"]
[Black "Martorelli, Antonio"]
[Result "0-1"]
[WhiteElo "2425"]
[BlackElo "2245"]
[PlyCount "80"]
[EventDate "1994.12.26"]

1. c4 e5 2. Nc3 Nc6 3. g3 g6 4. Bg2 Bg7 5. Rb1 Nf6 6. d3 O-O 7. e3 Ne7 8. e4 c6
9. f4 d5 10. fxe5 Ng4 11. cxd5 cxd5 12. d4 dxe4 13. h3 Nh6 14. Nxe4 Nhf5 15.
Ne2 Nc6 16. Bg5 Qb6 17. N4c3 Ncxd4 18. Nd5 Qa5+ 19. b4 Qxa2 20. Ndc3 Qe6 21. g4
Nxe2 22. Nxe2 Ne7 23. O-O Bxe5 24. b5 f6 25. Bc1 Qb6+ 26. Kh1 Be6 27. Ba3 Rfd8
28. Qc1 Rac8 29. Qh6 Nd5 30. Rbe1 Qe3 31. Nf4 Qg3 32. Rxe5 Nxf4 33. Qxf4 Qxf4
34. Rxe6 Qa4 35. Be7 Rd2 36. Rexf6 Qa2 37. Bxb7 Re8 38. Rf8+ Rxf8 39. Bxf8 Qc4
40. Bc6 Qxf1# 0-1

[Event "LIV C.to Italiano"]
[Site "Reggio nell'Emilia ITA"]
[Date "1995.01.06"]
[Round "11"]
[White "Epishin, Vladimir V."]
[Black "Belotti, Bruno"]
[Result "1-0"]
[WhiteElo "2650"]
[BlackElo "2455"]
[PlyCount "81"]
[EventDate "1994.12.26"]

1. d4 Nf6 2. Nf3 b6 3. c4 e6 4. g3 Ba6 5. b3 Bb4+ 6. Bd2 Be7 7. Bg2 c6 8. Bc3
d5 9. Ne5 Nfd7 10. Nxd7 Nxd7 11. Nd2 O-O 12. O-O b5 13. c5 e5 14. dxe5 Bxc5 15.
Nf3 Re8 16. Qc2 b4 17. Bb2 Bb5 18. Rfd1 Qb6 19. e3 Rad8 20. Bh3 Be7 21. Rac1
Nf8 22. Nd4 c5 23. Nxb5 Qxb5 24. Bg2 c4 25. Rxd5 cxb3 26. Qxb3 Qa6 27. Rxd8
Rxd8 28. Bd5 Ne6 29. Bd4 Kf8 30. Bxe6 fxe6 31. Qc2 g6 32. h4 Kf7 33. h5 Rd5 34.
Qe4 Rd7 35. Rc2 Qb7 36. Qf4+ Kg7 37. Qg4 Kf7 38. hxg6+ hxg6 39. Qh3 Qe4 40.
Qh7+ Kf8 41. Rc8+ 1-0

[Event "LIV C.to Italiano"]
[Site "Reggio nell'Emilia ITA"]
[Date "1995.01.06"]
[Round "11"]
[White "Romanishin, Oleg M."]
[Black "Garcia Palermo, Carlos Horacio"]
[Result "1-0"]
[WhiteElo "2605"]
[BlackElo "2490"]
[PlyCount "62"]
[EventDate "1994.12.26"]

1. d4 Nf6 2. Nf3 e6 3. g3 b5 4. Bg2 Bb7 5. Bg5 h6 6. Bxf6 Qxf6 7. O-O a6 8.
Nbd2 g5 9. e4 Bg7 10. c3 Qe7 11. Qe2 d6 12. a4 b4 13. a5 O-O 14. h4 gxh4 15.
Nxh4 c5 16. d5 bxc3 17. bxc3 Nd7 18. Rab1 Rab8 19. Nc4 Bxc3 20. dxe6 Qxe6 21.
Nf5 d5 22. Qg4+ Kh7 23. exd5 Qg6 24. Qf4 Nf6 25. Rb6 Qg5 26. Qxg5 hxg5 27. Rfb1
Bxd5 28. Bxd5 Rxb6 29. Nxb6 Bxa5 30. Ba2 Ne4 31. Nd5 Be1 1-0

[Event "XXI C.to Italiano femminile"]
[Site "Formia ITA"]
[Date "1994.07.18"]
[Round "3"]
[White "Arnetta, Maria Teresa"]
[Black "Varinelli, Sara"]
[WhiteElo "1582"]
[BlackElo "1567"]
[Result "1/2-1/2"]
[PlyCount "128"]
[EventDate "1994.07.16"]

1. Nf3 Nc6 2. g3 e5 3. d3 d5 4. Nbd2 Nf6 5. Bg2 Bc5 6. O-O O-O 7. c3 a5 8. Nb3
Bb6 9. a4 h6 10. Kh1 Ng4 11. e3 Qd6 12. Qc2 Qg6 13. Nh4 Qd6 14. Nf3 Rd8 15. h3
Nf6 16. Ng1 Ne7 17. Nd2 Ng6 18. b3 Nh5 19. e4 c6 20. Ba3 Bc5 21. Bxc5 Qxc5 22.
Rac1 Qd6 23. exd5 cxd5 24. Qd1 Nf6 25. Ndf3 Be6 26. Re1 Rac8 27. Ne2 Rc7 28.
Qd2 Qb6 29. Qe3 Qxe3 30. fxe3 Rdc8 31. Nd2 Ne7 32. g4 Ng6 33. Kh2 Kf8 34. b4
Ra8 35. b5 b6 36. c4 Rac8 37. cxd5 Nxd5 38. Nc4 Rb8 39. Be4 Nde7 40. Kg3 Kg8
41. Kf2 f6 42. Kg3 Nf8 43. Nd6 Rd7 44. Nc4 Rc7 45. Nd2 Rbc8 46. Rxc7 Rxc7 47.
Rc1 Rxc1 48. Nxc1 Nd7 49. d4 Nd5 50. Bxd5 Bxd5 51. Ne2 exd4 52. exd4 Kf8 53.
Nf4 Bf7 54. Kf3 Ke7 55. h4 g5 56. hxg5 hxg5 57. Ne2 Bd5+ 58. Ke3 Ke6 59. Ng3
Nf8 60. Nb1 Ng6 61. Nc3 Bb3 62. Nf5 Nf4 63. Ng7+ Kf7 64. Nf5 Ke6 1/2-1/2

[Event "XXI C.to Italiano femminile"]
[Site "Formia ITA"]
[Date "1994.07.19"]
[Round "4"]
[White "Sorrentino, Maria"]
[Black "Arnetta, Maria Teresa"]
[WhiteElo "1537"]
[BlackElo "1582"]
[Result "0-1"]
[PlyCount "96"]
[EventDate "1994.07.16"]

1. b3 Nc6 2. Bb2 e5 3. e3 d5 4. Bb5 Bd6 5. Nf3 f6 6. Bxc6+ bxc6 7. a3 Bg4 8. h3
Bh5 9. g4 Bf7 10. d3 Ne7 11. Nbd2 Rb8 12. Rb1 Qd7 13. c4 a5 14. g5 Be6 15. Nh4
Kd8 16. gxf6 gxf6 17. Qf3 Rf8 18. Qh5 Bf5 19. e4 dxe4 20. dxe4 Bg6 21. Nxg6
hxg6 22. Qh6 Qe8 23. Qe3 c5 24. Bc3 Nc6 25. Nf3 Kc8 26. Qd2 Nd4 27. Bxd4 exd4
28. Qe2 a4 29. Nd2 axb3 30. Rxb3 Rxb3 31. Nxb3 Qa4 32. Qb2 Re8 33. f3 f5 34.
Nd2 Bf4 35. Ke2 fxe4 36. Rb1 exf3+ 37. Kxf3 Bxd2 38. Qb7+ Kd7 39. Qd5+ Ke7 40.
Qxc5+ Kf7 41. Rf1 Qd7 42. Kg3+ Kg7 43. Kg2 Re2+ 44. Rf2 Rxf2+ 45. Kxf2 Qf5+ 46.
Qxf5 gxf5 47. Ke2 Bc3 48. h4 c5 0-1

[Event "XXI C.to Italiano femminile"]
[Site "Formia ITA"]
[Date "1994.07.20"]
[Round "5"]
[White "Parrino, Giuseppina"]
[Black "Riegler, Alessandra"]
[WhiteElo "1753"]
[BlackElo "1639"]
[Result "0-1"]
[PlyCount "74"]
[EventDate "1994.07.16"]

1. Nf3 d5 2. g3 c6 3. Bg2 Bg4 4. O-O Nd7 5. d3 e5 6. Nbd2 Bc5 7. e4 Ne7 8. c3
a5 9. h3 Bh5 10. g4 Bg6 11. h4 h6 12. Nxe5 Nxe5 13. d4 Nd7 14. dxc5 Nxc5 15. e5
Qb6 16. b3 Bd3 17. Re1 Ng6 18. Nf3 Be4 19. h5 Nf8 20. Be3 Nfe6 21. Nd4 Bxg2 22.
Kxg2 Qc7 23. Nxe6 Nxe6 24. f4 g6 25. hxg6 fxg6 26. f5 gxf5 27. gxf5 Qg7+ 28.
Kf2 Qf7 29. f6 O-O-O 30. Rh1 h5 31. Rh4 Rdg8 32. Qh1 Ng5 33. Ke2 Qg6 34. Bxg5
Qxg5 35. Qh3+ Kd8 36. f7 Qxe5+ 37. Kd3 Rg3+ 0-1

[Event "XXI C.to Italiano femminile"]
[Site "Formia ITA"]
[Date "1994.07.20"]
[Round "5"]
[White "Thaler, Helga"]
[Black "Arnetta, Maria Teresa"]
[WhiteElo "1600"]
[BlackElo "1582"]
[Result "0-1"]
[PlyCount "108"]
[EventDate "1994.07.16"]

1. d4 Nf6 2. c4 g6 3. Bf4 Bg7 4. Nf3 d6 5. Nc3 O-O 6. e3 Nbd7 7. Be2 Re8 8. O-O
Nf8 9. h3 Bf5 10. Rc1 Ne4 11. Bd3 Nxc3 12. bxc3 Bxd3 13. Qxd3 Ne6 14. Bg3 Qd7
15. Rb1 b6 16. Rb4 c5 17. Rb5 Rac8 18. Nd2 Nc7 19. Rb3 cxd4 20. cxd4 d5 21. Rc1
dxc4 22. Rxc4 Nd5 23. a3 e6 24. Rb2 Ne7 25. Rbc2 Rxc4 26. Nxc4 Nc6 27. Nd6 Rd8
28. Qe4 Ne7 29. Qf4 Nd5 30. Qf3 Nf6 31. Qf4 Nh5 32. Qxf7+ Qxf7 33. Nxf7 Kxf7
34. Bh4 Rd7 35. g4 Nf6 36. f3 Nd5 37. Bf2 Rc7 38. Rxc7+ Nxc7 39. e4 Nb5 40. e5
Nxa3 41. Kf1 Bf8 42. Ke2 Bb4 43. Kd3 Ke7 44. Ke4 a5 45. f4 a4 46. f5 gxf5+ 47.
gxf5 exf5+ 48. Kxf5 Nb5 49. d5 a3 50. Bh4+ Ke8 51. e6 Nd6+ 52. Kf4 Bc3 53. Kg5
a2 54. Kh6 a1=Q 0-1

[Event "XXI C.to Italiano femminile"]
[Site "Formia ITA"]
[Date "1994.07.21"]
[Round "6"]
[White "Arnetta, Maria Teresa"]
[Black "Parrino, Giuseppina"]
[WhiteElo "1582"]
[BlackElo "1753"]
[Result "1/2-1/2"]
[PlyCount "85"]
[EventDate "1994.07.16"]

1. Nf3 Nf6 2. g3 g6 3. Bg2 Bg7 4. d3 d5 5. Nbd2 c6 6. O-O O-O 7. c3 Nbd7 8. Nb3
e5 9. Qc2 Ne8 10. e4 dxe4 11. dxe4 f5 12. Bg5 Qc7 13. exf5 Rxf5 14. Qd2 Nb6 15.
Qd8 Qxd8 16. Bxd8 Nc4 17. Rab1 Be6 18. Be7 Kf7 19. Bc5 Bh6 20. g4 Rf4 21. Be3
Nxe3 22. fxe3 Ra4 23. g5 Bg7 24. Nfd4+ Bf5 25. Nxf5 gxf5 26. Rxf5+ Kg6 27. Rbf1
Nd6 28. R5f3 Rxa2 29. R1f2 Ne4 30. Rf1 Rxb2 31. h4 Rxb3 32. h5+ Kxh5 33. Rh3+
Kg4 34. Rxh7 Nd2 35. Rf2 Rb1+ 36. Kh2 Rd8 37. Bh3+ Kxg5 38. Rxg7+ Kh6 39. Rg4
Rd6 40. Rf8 Kh7 41. Rg3 Rh6 42. Rf7+ Kh8 43. Rf8+ 1/2-1/2

[Event "XXI C.to Italiano femminile"]
[Site "Formia ITA"]
[Date "1994.07.23"]
[Round "8"]
[White "Arnetta, Maria Teresa"]
[Black "Riegler, Alessandra"]
[WhiteElo "1582"]
[BlackElo "1639"]
[Result "0-1"]
[PlyCount "150"]
[EventDate "1994.07.16"]

1. Nf3 d5 2. g3 c6 3. Bg2 Bg4 4. d4 Nd7 5. c3 e6 6. Qb3 Qc8 7. O-O Bd6 8. Nbd2
Ngf6 9. Re1 O-O 10. e4 dxe4 11. Nxe4 Nxe4 12. Rxe4 Nf6 13. Re1 Qc7 14. Bg5 Nd7
15. Rac1 c5 16. Nd2 Rab8 17. Nc4 h6 18. Nxd6 hxg5 19. Ne4 c4 20. Qb4 f6 21. Qd6
Rfc8 22. h3 Bf5 23. Qxc7 Rxc7 24. Nd6 Nf8 25. Nxf5 exf5 26. Re2 Rd8 27. Rce1
Kf7 28. Kf1 b6 29. Bf3 Rd6 30. Re8 b5 31. Rb8 a6 32. Ree8 Ne6 33. Rec8 Rxc8 34.
Rxc8 Rd7 35. Rc6 Nc7 36. Rb6 Ke7 37. Rb8 Rd8 38. Rb7 Kd6 39. Rb6+ Ke7 40. Rb7
Kd6 41. Ra7 Rb8 42. Rb7 Rd8 43. Rb6+ Ke7 44. Bd1 Rd6 45. Rxd6 Kxd6 46. Bf3 Ke6
47. Ke2 Kd6 48. Bh5 Ke7 49. Bg6 Ke6 50. f4 gxf4 51. gxf4 Nd5 52. Kf3 a5 53. a3
b4 54. axb4 axb4 55. cxb4 Nxb4 56. Bh7 Kd5 57. Bxf5 Kxd4 58. Ke2 Nd5 59. Kf3
Ne3 60. Be6 Nd1 61. b4 Ne3 62. Bd7 Nd5 63. b5 Kd3 64. Bf5+ Kd2 65. Be4 Nb6 66.
h4 c3 67. Kg4 Nc4 68. b6 Nxb6 69. Kh5 Nd5 70. Kg6 Nxf4+ 71. Kxg7 Nd3 72. Bxd3
Kxd3 73. h5 c2 74. h6 c1=Q 75. h7 Qh1 0-1

[Event "II C.to Italiano U21"]
[Site "Rimini ITA"]
[Date "1994.07.??"]
[Round "?"]
[White "Agosto, Erika"]
[Black "Castiglione, Umberto"]
[Result "0-1"]
[WhiteElo "1761"]
[BlackElo "1840"]
[PlyCount "74"]
[EventDate "1994.07.??"]

1. e4 c5 2. Nf3 d6 3. d4 cxd4 4. Nxd4 Nf6 5. Nc3 a6 6. Be2 e5 7. Nb3 Be7 8. Be3
Be6 9. O-O O-O 10. f4 exf4 11. Bxf4 Nc6 12. Qd2 b5 13. Bd3 Ne5 14. Rad1 Rc8 15.
Nd4 Qd7 16. Nf5 Bxf5 17. exf5 Nxd3 18. Qxd3 Rfd8 19. Bg5 Qb7 20. Qg3 d5 21. Qf3
Qa7+ 22. Kh1 d4 23. Bxf6 Bxf6 24. Nd5 Rd6 25. Rfe1 Qc5 26. Nxf6+ Rxf6 27. Qe4
Rxf5 28. Rxd4 g6 29. Rd2 Qc7 30. c3 Rf4 31. Qd5 Rh4 32. Qd6 Qxd6 33. Rxd6 b4
34. Rxa6 bxc3 35. bxc3 Rxc3 36. Ra8+ Kg7 37. Ra7 Rf4 0-1